000 00804nam a2200229Ia 4500
003 GCL
008 140319s9999 xx 000 0 ara d
040 _aGCL /
_cGCL
082 0 4 _aق
_b329.962
_bا ط
100 1 _aاسماعيل محمد زين الدين
245 1 0 _aالطليعة الوفدية والحركة الوطنية 1952-1945 /
_cاسماعيل محمد زين الدين
260 _a[S.N] :
_bالهيئة المصرية العامة للكتاب ،
_c1991
300 _a170 ص
490 _aمصر النهضة
_v0
650 0 4 _aالعصر الحديث
650 0 4 _aمصر
650 0 4 _aتاريخ
650 0 4 _aحركات التحرير
650 0 4 _aمركز وثائق وتاريخ مصر المعاصر
650 0 4 _aالحركات الطلابية
942 _2ddc
_cBK
999 _c52425
_d52425